000 01299nam0a2200325 i 4500
001 RU\NLR\BIBL_A\010529725
005 20240921124849.0
010 _a9785444422083
_93000
021 _aRU
_b2014-67497
_94132
035 _a(NILC)RuMoRGB-007547304
035 _a(NLR Aleph) 010529725
090 _a10251598
_c10251598
100 _a20141113d2014 um y0rusy50 ca
101 0 _arus
102 _aRU
105 _aa|||z|||000zy
200 1 _aЦветы из ткани
_eдекоративные украшения для гардероба и интерьера
_fД. А. Бышкина, В. В. Тундалева
210 _aМосква
_cВече
_d2014
215 _a63 с.
_cцв. ил.
_d24 см
225 1 _aУютное хобби
517 1 _aдекоративные украшения для гардероба и интерьера
606 1 _aЦветы искусственные из ткани
_xИзготовление
_92210665
_3RU\NLR\AUTH\6601561971
686 1 _aМ778
700 1 _aБышкина
_bД. А.
_gДарья Алексеевна
701 1 _aТундалева
_bВ. В.
_gВиктория Викторовна
801 0 _aRU
_bРГБ
_c20140904
_gRCR
942 _cBOOK
980 _aNBR